Panini World Cup 2022 Stickers - Statistics

General Stats
  • This quiz has been taken 70 times
  • The average score is 31 of 36
Answer Stats
Picture Answer % Correct
Kylian Mbappé
100%
Lionel Messi
100%
Cristiano Ronaldo
98%
Jude Bellingham
98%
Pepe
98%
Achraf Hakimi
97%
Ángel Di María
97%
Luka Modrić
97%
Vinicius Jr
97%
Ousmane Dembélé
95%
Virgil Van Dijk
95%
Sadio Mané
93%
Emiliano Martínez
92%
Frenkie De Jong
92%
Jordan Pickford
92%
Robert Lewandowski
92%
Rodri
92%
Romelu Lukaku
92%
Edinson Cavani
90%
İlkay Gündoğan
90%
Gavi
88%
Julián Alvarez
88%
Théo Hernandez
88%
Thiago Silva
88%
Cristian Pulisic
86%
Guillermo Ochoa
86%
Xherdan Shaqiri
83%
Yassine Bounou
83%
Joško Gvardiol
81%
Dušan Vlahović
78%
Breel Embolo
75%
Enner Valencia
69%
Dominik Livaković
64%
Seung-gyu {Kim}
56%
Maya Yoshida
34%
Miloš Degenek
24%
No matching quizzes found
Score Distribution
Percent of People with Each Score
Percentile by Number Answered
Your Score History
You have not taken this quiz